Normal view
MARC view
Entry Personal Name
001 - CONTROL NUMBER
- control field: 190833
003 - CONTROL NUMBER IDENTIFIER
- control field:
005 - DATE AND TIME OF LATEST TRANSACTION
- control field: 20210601194809.0
008 - FIXED-LENGTH DATA ELEMENTS
- fixed length control field: 210601|| aca||aabn | a|a d
040 ## - CATALOGING SOURCE
- Original cataloging agency:
- Transcribing agency:
100 ## - HEADING--PERSONAL NAME
- Personal name: Joshi, G. N.
- Fuller form of name: (Gajanan Narayan),
- Dates associated with a name: 1921-
670 ## - SOURCE DATA FOUND
- Source citation: Work cat.: (): Joshi, G. N. (Gajanan Narayan), 1921-, The evolution of the concepts of atman and moksa in the different systems of Indian philosophy /, c1965
